000 00862cam a2200217 a 4500
001 000015764
003 DO-SdBNP
005 20251030115334.0
008 970728k19961997ve a f001 0 spa
020 _a9800302182
040 _aDO-SdBNP
_bspa
_cBNPHU
082 4 _a080.87
_bC146c
100 1 _aCaldera, Rafael,
_d1916-2009.
_935475
245 1 0 _aCompromiso solidario /
_cRafael Caldera.
260 _aCaracas :
_bEdiciones de la Presidencia de la República,
_c1996-1997.
300 _av. :
_bil. ;
_c22 cm.
505 1 _gt.1.
_tSelección de discursos del primer año de gobierno, 1994. --
_gt.2. v.1.
_tSelección de discursos del primer año de gobierno, 1995. --
_gt.3. v.2.
_tSelección de discursos del primer año de gobierno, 1996.
650 4 _aDiscursos presidenciales
_910061
651 0 _aVenezuela
_xPolítica y gobierno
_926230
942 _2ddc
_cLBS1
999 _c15312
_d15312